000 01291nam a22003017a 4500
005 20170206104453.0
008 170202b xxu||||| |||| 00| 0 hin d
010 _aA-611148
020 _c115.00
035 _aA-611148
037 _bAW
037 _bCen Lib/Ret
040 _aDPL
_bHN
082 _a821
_bमुखोपा
100 _aमुखोपाध्याय, सुभाष
_99382
245 _aअग्रिगर्भ /
_cसुभाष मुखोपाध्याय ; सम्पादक रणजीत साहा
246 _aAgrigarbh /
_bby Subhash Mukhopadhyay ; edited by Ranjeet Saaha
260 _aनई दिल्ली
_bभारतीय ज्ञानपीठ
_c1992
270 _a18, इंस्टीट्यूशनल एरिया , लोदी रोड
_bनई दिल्ली
_e110003
300 _a256पृ.
_c21सेमी (सजिल्द)
520 _aAW
650 _aहिन्दी -- साहित्य
_951375
650 _aहिन्दी -- पद्यकाव्य
_951376
650 _aHindi -- literature
_951377
650 _aHindi -- poetry
_951378
700 _aसाहा, रणजीत
_97558
942 _2ddc
_cHN
_h821
_mमुखोपा
999 _c113260
_d113260